| 000 | 00823cab a2200253 4500 | ||
|---|---|---|---|
| 001 | ABS43149 | ||
| 008 | 090401t1990 xxu||||| |||| 00| 0 eng d | ||
| 035 | _a(Sirsi) u40578 | ||
| 041 | _aeng | ||
| 100 | _aEnsom, T. | ||
| 245 | _aAnother contractor goes bust? | ||
| 260 | _c1990 | ||
| 350 | _a0 | ||
| 490 |
_aEstates Gazette _v(9030) 28 July 1990, 24-104(2) |
||
| 520 | _aLooks at determination clauses in building contracts in the light of insolvencies in the construction industry. Discusses implications for employers and consultants and suggest the steps to be taken. | ||
| 650 | _aBANKRUPTCY | ||
| 650 | _aINSOLVENCY ACT 1986 | ||
| 650 | _aLIQUIDATION | ||
| 650 | _aNAVIGATION | ||
| 650 | _aSUBCONTRACTORS | ||
| 690 | _aBUILT ENVIRONMENT-BUILDING CONTRACT FORMS | ||
| 942 | _n0 | ||
| 948 | _c04/03/1997 | ||
| 999 |
_c25995 _d25995 |
||